[Event "BL 1718 SF Deizisau - USV Dresden"]
[Site "?"]
[Date "2018.02.24"]
[Round "9.3"]
[White "Bartel, Mateusz"]
[Black "Krasenkow, Michal"]
[Result "0-1"]
[WhiteElo "2610"]
[BlackElo "2642"]
[PlyCount "96"]
[EventDate "2018.??.??"]
[EventType "team-tourn"]

1. e4 d6 2. f4 Nf6 3. Nc3 c5 4. Nf3 Nc6 5. Bb5 e6 6. d4 cxd4 7. Nxd4 Bd7 8.
Nxc6 Bxc6 9. Qd3 Be7 10. Bxc6+ bxc6 11. b3 d5 12. Bb2 dxe4 13. Nxe4 Nxe4 14.
Qxe4 Qa5+ 15. Kf2 O-O 16. Rhd1 Rad8 17. Kg1 Rd5 18. Rxd5 cxd5 19. Qd3 Rc8 20.
Kf1 Bb4 21. Rc1 Bd2 22. Rd1 Bxf4 23. Qd4 Bh6 24. c4 dxc4 25. bxc4 f6 26. Qd7
Qa6 27. Rd4 Qc6 28. Qe7 e5 29. Rd8+ Rxd8 30. Qxd8+ Kf7 31. Qd3 Bf4 32. h3 a6
33. Ba3 e4 34. Qc2 Ke6 35. Bb4 f5 36. Qb3 Be5 37. Ke2 f4 38. Kf1 Bd4 39. Be1
Kf5 40. Ke2 Kg6 41. Kd1 Qb6 42. Qc2 Kf5 43. Kc1 g5 44. a3 h5 45. Bb4 g4 46.
hxg4+ hxg4 47. Qa4 Qe6 48. Kd1 f3 0-1

[Event "BL 1718 SF Deizisau - USV Dresden"]
[Site "?"]
[Date "2018.02.24"]
[Round "9.4"]
[White "Heimann, Andreas"]
[Black "Paehtz, Elisabeth"]
[Result "1/2-1/2"]
[WhiteElo "2582"]
[BlackElo "2464"]
[PlyCount "58"]
[EventDate "2018.??.??"]
[EventType "team-tourn"]

1. d4 d5 2. c4 dxc4 3. e4 e5 4. Nf3 Nf6 5. Bxc4 Nxe4 6. Qa4+ Bd7 7. Qb3 Nd6 8.
Nxe5 Nxc4 9. Qxc4 Be6 10. Qb5+ c6 11. Qxb7 Qxd4 12. Nf3 Qb4+ 13. Qxb4 Bxb4+ 14.
Bd2 Na6 15. O-O O-O-O 16. Bxb4 Nxb4 17. Nc3 Nd3 18. b3 Rhe8 19. Ng5 f6 20. Nxe6
Rxe6 21. Rfd1 Re5 22. Rd2 Nb4 23. Rxd8+ Kxd8 24. Kf1 Rc5 25. Rc1 Nd3 26. Rc2
Kc7 27. g3 Nb4 28. Rc1 Nd3 29. Rc2 Nb4 1/2-1/2

[Event "BL 1718 SF Deizisau - USV Dresden"]
[Site "?"]
[Date "2018.02.24"]
[Round "9.5"]
[White "Vogel, Roven"]
[Black "Kozul, Zdenko"]
[Result "0-1"]
[WhiteElo "2437"]
[BlackElo "2625"]
[PlyCount "102"]
[EventDate "2018.??.??"]
[EventType "team-tourn"]

1. d4 Nf6 2. c4 g6 3. Nc3 Bg7 4. e4 d6 5. Be2 O-O 6. Be3 c6 7. Nf3 e5 8. O-O
exd4 9. Nxd4 Re8 10. f3 d5 11. cxd5 Nxd5 12. Bf2 Nf4 13. Nb3 Qxd1 14. Bxd1 Nd3
15. Bd4 Bxd4+ 16. Nxd4 Rd8 17. Be2 Nxb2 18. Nb3 a5 19. Rab1 a4 20. Rxb2 axb3
21. axb3 Be6 22. Rc1 Nd7 23. Na4 Ra5 24. h4 Rda8 25. Kf2 h5 26. Nc3 Ra1 27.
Rxa1 Rxa1 28. Bd1 Nc5 29. Ke3 b5 30. b4 Na4 31. Rb1 Ra3 32. Bxa4 Rxc3+ 33. Kd2
Ra3 34. Bc2 Kf8 35. Re1 Ke7 36. Re3 Ra2 37. f4 Kd6 38. Rd3+ Kc7 39. Rg3 Kb6 40.
Kc1 Ra1+ 41. Kb2 Rh1 42. f5 gxf5 43. exf5 Bd5 44. Bb3 Rxh4 45. Bxd5 cxd5 46.
Kc3 Rc4+ 47. Kd3 Rxb4 48. Rg5 Kc5 49. Rxh5 Rd4+ 50. Kc2 Rc4+ 51. Kd3 Kd6 0-1

[Event "BL 1718 SF Deizisau - USV Dresden"]
[Site "?"]
[Date "2018.02.24"]
[Round "9.6"]
[White "Graf, Alexander"]
[Black "Neef, Maximilian"]
[Result "0-1"]
[WhiteElo "2585"]
[BlackElo "2451"]
[PlyCount "76"]
[EventDate "2018.??.??"]
[EventType "team-tourn"]

1. d4 Nf6 2. c4 g6 3. Nc3 Bg7 4. e4 d6 5. Nf3 O-O 6. Be2 e5 7. d5 a5 8. Bg5 h6
9. Bh4 Na6 10. Nd2 Qe8 11. b3 Bd7 12. a3 Nh7 13. Rb1 h5 14. f3 Bh6 15. b4 axb4
16. axb4 Be3 17. Qc2 f5 18. Bf2 Bxf2+ 19. Kxf2 Qe7 20. Rhc1 Nf6 21. Kg1 h4 22.
Nd1 Nh5 23. c5 Nf4 24. Bf1 Qg5 25. Kh1 Bb5 26. Ne3 h3 27. g3 Ne2 28. Bxe2 Bxe2
29. Qc3 fxe4 30. fxe4 Rf2 31. Nd1 Bxd1 32. Rxd1 Raf8 33. c6 b5 34. Nf1 Qg4 35.
Qd3 R8f3 36. Ne3 Rxh2+ 37. Kxh2 Qxg3+ 38. Kh1 Rf2 0-1

[Event "BL 1718 SF Deizisau - USV Dresden"]
[Site "?"]
[Date "2018.02.24"]
[Round "9.7"]
[White "Maiwald, Jens-Uwe"]
[Black "Keymer, Vincent"]
[Result "0-1"]
[WhiteElo "2437"]
[BlackElo "2418"]
[PlyCount "90"]
[EventDate "2018.??.??"]
[EventType "team-tourn"]

1. e4 c5 2. d3 Nc6 3. g3 e6 4. Nf3 d5 5. Qe2 Nf6 6. Bg2 Be7 7. O-O O-O 8. e5
Nd7 9. c4 b5 10. cxd5 exd5 11. Nc3 Nb6 12. Nxb5 a6 13. Na3 Bg4 14. Nc2 Qd7 15.
Re1 Rae8 16. Bf4 d4 17. Na3 Nb4 18. Bd2 a5 19. Bxb4 axb4 20. Nb1 c4 21. dxc4 d3
22. Qe4 Na4 23. Nbd2 Nxb2 24. Qd4 Na4 25. Qxd7 Bxd7 26. Re3 Bf5 27. Nd4 Bg6 28.
N2b3 Rc8 29. Nc6 Rfe8 30. Bd5 Nc3 31. Kf1 h5 32. Ke1 Bd8 33. Kd2 Bb6 34. Rae1
Bxe3+ 35. Rxe3 Rxc6 36. Bxc6 Rc8 37. Nd4 Rd8 38. Bd5 Nxd5 39. cxd5 Ra8 40. Re1
Rxa2+ 41. Ke3 d2 42. Rd1 b3 43. d6 b2 44. d7 Ra8 45. Nc6 Bc2 0-1

[Event "BL 1718 SF Deizisau - USV Dresden"]
[Site "?"]
[Date "2018.02.24"]
[Round "9.8"]
[White "Dautov, Rustem"]
[Black "Moehn, Hans"]
[Result "1-0"]
[WhiteElo "2596"]
[BlackElo "2365"]
[PlyCount "95"]
[EventDate "2018.??.??"]
[EventType "team-tourn"]

1. d4 Nf6 2. c4 g6 3. Nf3 Bg7 4. g3 b6 5. Nc3 Bb7 6. d5 Na6 7. e4 Nc5 8. Qe2 d6
9. Bg2 O-O 10. O-O Nfd7 11. Bg5 a5 12. Qe3 Qe8 13. Bh6 e5 14. Bxg7 Kxg7 15. Nd2
Nf6 16. b3 Qe7 17. a3 Rfb8 18. b4 Ncd7 19. Nb3 axb4 20. axb4 Qd8 21. Bh3 Rxa1
22. Rxa1 Ra8 23. Qc1 Ba6 24. Nd2 Ne8 25. Ra3 Ndf6 26. Qa1 Bb7 27. Nb5 Rxa3 28.
Qxa3 Qb8 29. Qa7 Qxa7 30. Nxa7 Kf8 31. f3 Ke7 32. Kf2 Nd7 33. Ke3 Nb8 34. Kd3
Ba6 35. b5 Bb7 36. Nc6+ Bxc6 37. dxc6 Nf6 38. Nb1 Kf8 39. Nc3 Ke7 40. Na2 d5
41. cxd5 Ne8 42. Ke3 Nd6 43. Bf1 f6 44. f4 Kf7 45. Nb4 Ke7 46. Be2 Kf7 47. fxe5
fxe5 48. Na6 1-0

[Event "BL 1718 SK Schwäbisch Hall - Schachfr"]
[Site "?"]
[Date "2018.02.24"]
[Round "9.1"]
[White "Kraemer, Martin"]
[Black "Jakovenko, Dmitry"]
[Result "0-1"]
[WhiteElo "2580"]
[BlackElo "2744"]
[PlyCount "68"]
[EventDate "2018.??.??"]
[EventType "team-tourn"]

1. e4 c5 2. Nf3 e6 3. d4 cxd4 4. Nxd4 Nc6 5. Nc3 Qc7 6. g3 a6 7. Bg2 h5 8. Bg5
h4 9. gxh4 Nge7 10. Nxc6 bxc6 11. Qd3 Ng6 12. O-O-O f6 13. Bd2 Kf7 14. Rhg1
Rxh4 15. Bf1 Qxh2 16. Be2 Rb8 17. Be3 Qe5 18. Rh1 Rxh1 19. Rxh1 Nf4 20. Qd2
Nxe2+ 21. Qxe2 Ba3 22. bxa3 Qxc3 23. Qh5+ Ke7 24. Bc5+ Kd8 25. Bb4 Qa1+ 26. Kd2
Qd4+ 27. Kc1 Rb5 28. Qd1 Qa1+ 29. Kd2 Qe5 30. Qg4 Qd4+ 31. Ke2 a5 32. Bf8 Ba6
33. Kf3 Qc3+ 34. Kg2 Rg5 0-1

[Event "BL 1718 SK Schwäbisch Hall - Schachfr"]
[Site "?"]
[Date "2018.02.24"]
[Round "9.2"]
[White "Laznicka, Viktor"]
[Black "Sprenger, Jan Michael"]
[Result "1-0"]
[WhiteElo "2658"]
[BlackElo "2514"]
[PlyCount "81"]
[EventDate "2018.??.??"]
[EventType "team-tourn"]

1. c4 e5 2. g3 Nf6 3. Bg2 c6 4. Nf3 e4 5. Nd4 d5 6. d3 Bb4+ 7. Bd2 Qb6 8. Bxb4
Qxb4+ 9. Qd2 Qxd2+ 10. Kxd2 exd3 11. cxd5 dxe2 12. dxc6 bxc6 13. Nc3 O-O 14.
Ncxe2 Rd8 15. Rhc1 Ba6 16. Ke1 Re8 17. b4 Ne4 18. a4 Nd7 19. Rxc6 Bd3 20. f3
Bxe2 21. Kxe2 Nxg3+ 22. Kf2 Nh5 23. Bf1 Ne5 24. Rd6 Rad8 25. Rxd8 Rxd8 26. Rc1
Kf8 27. Ke3 Nf6 28. Rc5 Ned7 29. Ra5 Nb6 30. Nc6 Rd1 31. Bb5 Nfd5+ 32. Kf2 Rd2+
33. Kg3 Nc8 34. h4 Nd6 35. Rxa7 Nf5+ 36. Kh3 g6 37. Bc4 Nde3 38. Ne5 Nd6 39.
Bxf7 Nf1 40. Be6 h5 41. Nxg6+ 1-0

[Event "BL 1718 SK Schwäbisch Hall - Schachfr"]
[Site "?"]
[Date "2018.02.24"]
[Round "9.3"]
[White "Schreiner, Peter"]
[Black "Gharamian, Tigran"]
[Result "1/2-1/2"]
[WhiteElo "2452"]
[BlackElo "2622"]
[PlyCount "82"]
[EventDate "2018.??.??"]
[EventType "team-tourn"]

1. d4 Nf6 2. c4 e6 3. g3 d5 4. Bg2 Bb4+ 5. Bd2 Be7 6. Nf3 O-O 7. O-O c6 8. Qc2
b6 9. Bf4 Nbd7 10. cxd5 cxd5 11. Rc1 Bb7 12. Qa4 a6 13. Ne5 Nxe5 14. Bxe5 Rc8
15. Nd2 Ng4 16. Nf3 Nxe5 17. Nxe5 Bd6 18. Qd7 Bxe5 19. Qxd8 Rfxd8 20. dxe5 a5
21. Kf1 Kf8 22. Ke1 Rc5 23. Rc3 Rdc8 24. Rac1 Ba6 25. e3 Ke7 26. Kd2 f6 27. f4
fxe5 28. fxe5 Rf8 29. Ke1 Rxc3 30. Rxc3 Kd7 31. g4 h6 32. Rb3 Kc7 33. Rc3+ Kd7
34. Rb3 Rb8 35. Rc3 Bc4 36. Bf1 Bxf1 37. Kxf1 h5 38. h3 hxg4 39. hxg4 g5 40.
Kg2 Rf8 41. Rc1 Rh8 1/2-1/2

[Event "BL 1718 SK Schwäbisch Hall - Schachfr"]
[Site "?"]
[Date "2018.02.24"]
[Round "9.4"]
[White "Michalik, Peter"]
[Black "Baldauf, Marco"]
[Result "1-0"]
[WhiteElo "2548"]
[BlackElo "2484"]
[PlyCount "77"]
[EventDate "2018.??.??"]
[EventType "team-tourn"]

1. e4 e5 2. Nf3 Nc6 3. Bb5 Nf6 4. O-O Nxe4 5. d4 Nd6 6. Bxc6 dxc6 7. dxe5 Nf5
8. Qxd8+ Kxd8 9. Nc3 Bd7 10. b3 h6 11. Bb2 Kc8 12. Ne2 c5 13. Nd2 Be7 14. Nc4
Rg8 15. Nf4 g5 16. Nd5 Re8 17. Rad1 Be6 18. f4 gxf4 19. Nxe7+ Nxe7 20. Rxf4 Ng6
21. Rf6 Rd8 22. Rdf1 b5 23. Ne3 Rd2 24. Bc1 Rd7 25. Nf5 h5 26. Ng7 Nxe5 27.
Nxe6 fxe6 28. Rxe6 Nf7 29. Rc6 Nd6 30. Rxc5 Rh7 31. Bf4 Kb7 32. Bxd6 cxd6 33.
Rxb5+ Kc6 34. Ra5 Re8 35. Ra6+ Kc5 36. Rf5+ Re5 37. c3 Kd5 38. Rf6 Rd7 39. Kf2
1-0

[Event "BL 1718 SK Schwäbisch Hall - Schachfr"]
[Site "?"]
[Date "2018.02.24"]
[Round "9.5"]
[White "Abel, Dennes"]
[Black "Le Roux, Jean-Pierre"]
[Result "1/2-1/2"]
[WhiteElo "2469"]
[BlackElo "2555"]
[PlyCount "45"]
[EventDate "2018.??.??"]
[EventType "team-tourn"]

1. Nf3 Nf6 2. c4 b6 3. g3 c5 4. Bg2 Bb7 5. O-O g6 6. d4 cxd4 7. Qxd4 Bg7 8. Nc3
d6 9. Bg5 Nbd7 10. Rac1 Rc8 11. b3 a6 12. Bh3 O-O 13. Qd2 Rc5 14. Be3 Rh5 15.
Bg2 Ng4 16. Rcd1 b5 17. Nd5 bxc4 18. bxc4 Bxd5 19. cxd5 Ndf6 20. Nh4 Nxe3 21.
Qxe3 Re5 22. Qd3 Qa5 23. e4 1/2-1/2

[Event "BL 1718 SK Schwäbisch Hall - Schachfr"]
[Site "?"]
[Date "2018.02.24"]
[Round "9.6"]
[White "Wirig, Anthony"]
[Black "Seyb, Alexander"]
[Result "1-0"]
[WhiteElo "2503"]
[BlackElo "2393"]
[PlyCount "95"]
[EventDate "2018.??.??"]
[EventType "team-tourn"]

1. d4 Nf6 2. c4 g6 3. g3 c6 4. Bg2 d5 5. Qa4 Bg7 6. cxd5 Nxd5 7. Nf3 O-O 8. O-O
Bg4 9. Nbd2 Nb6 10. Qc2 N8d7 11. h3 Bxf3 12. Nxf3 e5 13. Bg5 Bf6 14. Bxf6 Qxf6
15. Rad1 Rfd8 16. e3 exd4 17. Rxd4 Nf8 18. Rfd1 Ne6 19. Rxd8+ Rxd8 20. Rxd8+
Qxd8 21. Nd2 Nd5 22. a3 c5 23. Ne4 b6 24. Qa4 Qc7 25. Qc4 Ne7 26. Nf6+ Kh8 27.
Qc3 Qd8 28. Ng4+ Ng7 29. Nh6 Qf8 30. Qf6 Nef5 31. Nxf7+ Kg8 32. Bd5 Qe7 33.
Nh6+ Kh8 34. Nf7+ Kg8 35. Ne5+ Kh8 36. Qf7 Qxf7 37. Nxf7+ Kg8 38. Ng5+ Kh8 39.
Nf7+ Kg8 40. g4 Ne7 41. Bc4 Kf8 42. Ng5 h6 43. Nh7+ Ke8 44. Nf6+ Kd8 45. f4 Ne8
46. Nxe8 Kxe8 47. Kf2 Nc6 48. Bb5 1-0

[Event "BL 1718 SK Schwäbisch Hall - Schachfr"]
[Site "?"]
[Date "2018.02.24"]
[Round "9.7"]
[White "Lauber, Arnd"]
[Black "Zeller, Frank"]
[Result "1/2-1/2"]
[WhiteElo "2430"]
[BlackElo "2382"]
[PlyCount "83"]
[EventDate "2018.??.??"]
[EventType "team-tourn"]

1. d4 Nf6 2. c4 e6 3. Nc3 c5 4. d5 exd5 5. cxd5 d6 6. Nf3 g6 7. Nd2 Nbd7 8. e4
Bg7 9. Be2 O-O 10. O-O Re8 11. a4 Ne5 12. Re1 Bg4 13. f3 Bd7 14. Nf1 c4 15. Be3
Qa5 16. Nd2 Rac8 17. Nb5 Bxb5 18. axb5 Qxb5 19. b3 a6 20. bxc4 Qb2 21. Rb1 Qa3
22. Rb3 Qa5 23. Qb1 Ned7 24. Rxb7 Nc5 25. Nb3 Nxb3 26. Rxb3 Nd7 27. Rd1 Nc5 28.
Bd2 Qd8 29. Rb4 f5 30. Bd3 Bd4+ 31. Kh1 fxe4 32. Bxe4 Nxe4 33. fxe4 Qh4 34. Be1
Qxe4 35. Qxe4 Rxe4 36. Bg3 Bc5 37. Ra4 h5 38. Rxa6 Rd8 39. h4 Rxc4 40. Re1 Rg4
41. Kh2 Rd4 42. Bf2 1/2-1/2

[Event "BL 1718 SV Hockenheim - Hamburger SK"]
[Site "?"]
[Date "2018.02.24"]
[Round "9.2"]
[White "Balogh, Csaba"]
[Black "Miton, Kamil"]
[Result "1/2-1/2"]
[WhiteElo "2633"]
[BlackElo "2597"]
[PlyCount "65"]
[EventDate "2018.??.??"]
[EventType "team-tourn"]

1. e4 e5 2. Nf3 Nc6 3. Bb5 a6 4. Ba4 Nf6 5. O-O Be7 6. Re1 b5 7. Bb3 O-O 8. c3
d5 9. exd5 Nxd5 10. Nxe5 Nxe5 11. Rxe5 c6 12. d3 Bd6 13. Re1 Bf5 14. Qf3 Qh4
15. g3 Qh3 16. Be3 Bxd3 17. Nd2 Qf5 18. Bd4 Rfe8 19. a4 h6 20. Kg2 Bf8 21. axb5
axb5 22. Qxf5 Bxf5 23. Rxe8 Rxe8 24. Bxd5 cxd5 25. Nf1 b4 26. Ne3 Be6 27. Ra5
bxc3 28. bxc3 Rd8 29. g4 Bd6 30. h3 Bf4 31. Kf3 Bxe3 32. Kxe3 h5 33. Kf4
1/2-1/2

[Event "BL 1718 SV Hockenheim - Hamburger SK"]
[Site "?"]
[Date "2018.02.24"]
[Round "9.3"]
[White "Kempinski, Robert"]
[Black "Wagner, Dennis"]
[Result "1-0"]
[WhiteElo "2569"]
[BlackElo "2557"]
[PlyCount "51"]
[EventDate "2018.??.??"]
[EventType "team-tourn"]

1. d4 Nf6 2. c4 g6 3. Nf3 Bg7 4. e3 O-O 5. Be2 d6 6. O-O Nbd7 7. b4 e5 8. Bb2
exd4 9. Nxd4 a5 10. a3 axb4 11. axb4 Rxa1 12. Bxa1 c6 13. Nd2 Qe7 14. Bc3 d5
15. c5 Ne4 16. Nxe4 dxe4 17. Qc2 Nf6 18. Qb2 Rd8 19. Ra1 h5 20. Ra7 Qd7 21. b5
cxb5 22. c6 Qd5 23. c7 Rd7 24. Ba5 Ne8 25. Qxb5 Qa2 26. Ra8 1-0

[Event "BL 1718 SV Hockenheim - Hamburger SK"]
[Site "?"]
[Date "2018.02.24"]
[Round "9.4"]
[White "Saric, Ivan"]
[Black "Ernst, Sipke"]
[Result "1-0"]
[WhiteElo "2664"]
[BlackElo "2530"]
[PlyCount "115"]
[EventDate "2018.??.??"]
[EventType "team-tourn"]

1. e4 e5 2. Nf3 Nc6 3. Bb5 a6 4. Ba4 d6 5. O-O Bd7 6. d4 Nge7 7. d5 Nb8 8. c4
b5 9. Bb3 Ng6 10. Be3 Be7 11. Nbd2 O-O 12. Rc1 c5 13. dxc6 Nxc6 14. cxb5 axb5
15. Bd5 Ra6 16. Qb3 Qb8 17. Rc2 Bd8 18. a4 Na5 19. Qd3 Ne7 20. b4 Nxd5 21. exd5
Nc4 22. axb5 Nxe3 23. bxa6 Nxf1 24. Qxf1 Qxb4 25. Qa1 Bb6 26. Rb2 Qc5 27. Ne4
Qc7 28. Qb1 Rb8 29. h3 h6 30. Nfd2 Bc8 31. Nc4 Ba7 32. Ncxd6 Bxa6 33. Nf5 Rxb2
34. Qxb2 Bd3 35. d6 Qa5 36. Qb7 Qe1+ 37. Kh2 Bxf2 38. Qc8+ Kh7 39. Nxf2 Qxf2
40. Ng3 Bb5 41. d7 Bxd7 42. Qxd7 g6 43. Qd3 Kg7 44. Ne2 h5 45. Qe4 Qc5 46. Ng1
Qc7 47. Nf3 f6 48. Nh4 Qf7 49. Qd3 Kh6 50. Qd6 Kg7 51. Nf3 Qa7 52. Nd2 Qe3 53.
Qe7+ Kh6 54. Qf8+ Kh7 55. Qb4 Kg7 56. Ne4 Qa7 57. Qd6 Qf7 58. h4 1-0

[Event "BL 1718 SV Hockenheim - Hamburger SK"]
[Site "?"]
[Date "2018.02.24"]
[Round "9.5"]
[White "Kollars, Dmitrij"]
[Black "Buhmann, Rainer"]
[Result "1/2-1/2"]
[WhiteElo "2509"]
[BlackElo "2597"]
[PlyCount "40"]
[EventDate "2018.??.??"]
[EventType "team-tourn"]

1. e4 e5 2. Nf3 Nc6 3. Bc4 Nf6 4. d3 Be7 5. O-O O-O 6. Re1 d6 7. a4 Na5 8. Ba2
c5 9. Na3 a6 10. c3 Bd7 11. b4 cxb4 12. cxb4 Nc6 13. Bd2 b5 14. axb5 axb5 15.
Nxb5 Rb8 16. Bc4 Nxb4 17. Bxb4 Bxb5 18. Bxb5 Rxb5 19. Bd2 Qc7 20. Rb1 Rxb1
1/2-1/2

[Event "BL 1718 SV Hockenheim - Hamburger SK"]
[Site "?"]
[Date "2018.02.24"]
[Round "9.6"]
[White "Baramidze, David"]
[Black "Ftacnik, Lubomir"]
[Result "1-0"]
[WhiteElo "2615"]
[BlackElo "2542"]
[PlyCount "47"]
[EventDate "2018.??.??"]
[EventType "team-tourn"]

1. e4 c5 2. Nf3 d6 3. d4 cxd4 4. Nxd4 Nf6 5. Nc3 e6 6. g4 h6 7. h4 Nc6 8. Rg1
d5 9. exd5 Nxd5 10. Nxd5 exd5 11. Be3 Qxh4 12. Nb5 Qe7 13. Qxd5 a6 14. Nc3 Nb4
15. Qd2 Be6 16. O-O-O Rd8 17. Qe1 Rxd1+ 18. Qxd1 Nxa2+ 19. Nxa2 Bxa2 20. c4 Qb4
21. Bd2 Qb3 22. Qe1+ Be7 23. Rg3 Qa4 24. Ra3 1-0

[Event "BL 1718 SV Hockenheim - Hamburger SK"]
[Site "?"]
[Date "2018.02.24"]
[Round "9.7"]
[White "Heinemann, Thies"]
[Black "Banusz, Tamas"]
[Result "1/2-1/2"]
[WhiteElo "2495"]
[BlackElo "2640"]
[PlyCount "168"]
[EventDate "2018.??.??"]
[EventType "team-tourn"]

1. e4 c5 2. Nf3 Nc6 3. Bb5 g6 4. Bxc6 bxc6 5. O-O Bg7 6. h3 Nf6 7. Re1 O-O 8.
c3 Rb8 9. b3 d6 10. d4 cxd4 11. cxd4 Nd7 12. Nc3 c5 13. Bg5 Bb7 14. Nd5 Re8 15.
Rc1 h6 16. Bh4 Rc8 17. dxc5 dxc5 18. Re2 g5 19. Bg3 Nb6 20. Rd2 Nxd5 21. exd5
Qd7 22. Ne5 Qf5 23. Qg4 Qxg4 24. hxg4 Red8 25. Rcd1 Bxe5 26. Bxe5 f6 27. Bg3
Rd7 28. f3 c4 29. bxc4 Rxc4 30. Bf2 a6 31. Be3 Kf7 32. Kf2 Kg6 33. Kg3 h5 34.
gxh5+ Kxh5 35. Kf2 Kg6 36. Bb6 Ra4 37. Kg3 Kf5 38. Bc5 Rc4 39. Ba3 g4 40. Kf2
gxf3 41. gxf3 a5 42. Bb2 Rc5 43. Ba3 Rc3 44. Bb2 Rc8 45. Ba3 Rh8 46. Kg3 Rhd8
47. d6 e5 48. Kf2 Rh7 49. Ke3 Rdd7 50. Rf2 Rh4 51. Rc1 Ra4 52. Rc3 Bd5 53. Rd2
Ke6 54. Rb2 Rh7 55. Rb6 Kf5 56. Rd3 Be6 57. Rb2 Rh3 58. Rf2 Bd7 59. Rc3 Ke6 60.
Bc5 f5 61. a3 f4+ 62. Kd2 Kd5 63. Bb6 Kxd6 64. Bc7+ Kd5 65. Rd3+ Rd4 66. Rxd4+
Kxd4 67. Bxa5 Bc6 68. Bc3+ Kd5 69. Re2 Rh5 70. Ke1 Ke6 71. Kf2 Bb5 72. Re1 Bd3
73. a4 Kd5 74. a5 e4 75. fxe4+ Bxe4 76. Rd1+ Ke6 77. a6 Rh2+ 78. Ke1 Rh1+ 79.
Kd2 Rh3 80. Bd4 Kf5 81. a7 Ra3 82. Ke1 Ba8 83. Bc5 Ra2 84. Rd8 Be4 1/2-1/2

[Event "BL 1718 SV Hockenheim - Hamburger SK"]
[Site "?"]
[Date "2018.02.24"]
[Round "9.8"]
[White "Braun, Arik"]
[Black "Carlstedt, Jonathan"]
[Result "1/2-1/2"]
[WhiteElo "2590"]
[BlackElo "2423"]
[PlyCount "89"]
[EventDate "2018.??.??"]
[EventType "team-tourn"]

1. d4 Nf6 2. c4 e6 3. Nc3 c5 4. d5 exd5 5. cxd5 d6 6. Nf3 g6 7. Bf4 Bg7 8. Qa4+
Bd7 9. Qb3 b5 10. Bxd6 Qb6 11. Be5 O-O 12. e3 c4 13. Qd1 b4 14. Nb1 Bb5 15. a3
Nbd7 16. Bd4 Qa5 17. Nbd2 b3 18. Be2 Nxd5 19. Bxg7 Kxg7 20. O-O N5b6 21. Nxc4
Bxc4 22. Qd4+ Nf6 23. Bxc4 Rad8 24. Qf4 g5 25. Nxg5 Nxc4 26. Nxh7 Nxh7 27. Qxc4
Qd5 28. Qg4+ Kh8 29. Rfd1 Qe5 30. Rd4 Rg8 31. Qf3 Qf6 32. Qb7 Rxd4 33. exd4 Qe6
34. Qf3 Rg4 35. h3 Rxd4 36. Rc1 Re4 37. Qc3+ Nf6 38. Rd1 Kh7 39. Qd3 Kh6 40.
Qd2+ Kg6 41. Qd3 Kh6 42. Qd2+ Kh5 43. Qc3 Kg6 44. Qg3+ Kh7 45. Qd3 1/2-1/2

[Event "BL 1718 SV Hofheim - SK Norderstedt"]
[Site "?"]
[Date "2018.02.24"]
[Round "9.1"]
[White "Olszewski, Michal"]
[Black "Volokitin, Andrei"]
[Result "1/2-1/2"]
[WhiteElo "2540"]
[BlackElo "2639"]
[PlyCount "48"]
[EventDate "2018.??.??"]
[EventType "team-tourn"]

1. d4 Nf6 2. c4 e6 3. Nf3 d5 4. e3 a6 5. b3 c5 6. cxd5 Nxd5 7. dxc5 Bxc5 8. Bb2
O-O 9. Nbd2 Be7 10. Rc1 Bd7 11. e4 Nf6 12. Bc4 Bc6 13. Qe2 Qa5 14. a3 Bxe4 15.
b4 Qf5 16. Nh4 Qg4 17. Qxg4 Nxg4 18. Nxe4 Bxh4 19. Be2 Nf6 20. Nd6 Bg5 21. Rc5
Nd5 22. Nxb7 Nd7 23. Rc4 Rfc8 24. O-O Rxc4 1/2-1/2

[Event "BL 1718 SV Hofheim - SK Norderstedt"]
[Site "?"]
[Date "2018.02.24"]
[Round "9.2"]
[White "Savchenko, Stanislav"]
[Black "Ostrovskiy, Andrey"]
[Result "1/2-1/2"]
[WhiteElo "2466"]
[BlackElo "2441"]
[PlyCount "61"]
[EventDate "2018.??.??"]
[EventType "team-tourn"]

1. Nf3 Nf6 2. c4 e6 3. Nc3 Bb4 4. g3 O-O 5. Bg2 d5 6. O-O d4 7. Na4 Be7 8. a3
a5 9. e3 Nc6 10. exd4 Nxd4 11. d3 Nxf3+ 12. Bxf3 Rb8 13. Nc3 b6 14. Nb5 Qd7 15.
Bf4 Bd6 16. Bg5 Be7 17. Qe2 Ba6 18. a4 Rfd8 19. Rfd1 Bb7 20. d4 Bxf3 21. Qxf3
c6 22. Nc3 h6 23. Bf4 Rbc8 24. Rd3 Qb7 25. Rad1 Rd7 26. h4 h5 27. Bg5 Rcd8 28.
Ne2 Ng4 29. Bxe7 Rxe7 30. Nf4 g6 31. Qe4 1/2-1/2

[Event "BL 1718 SV Hofheim - SK Norderstedt"]
[Site "?"]
[Date "2018.02.24"]
[Round "9.3"]
[White "Kopylov, Michael"]
[Black "Ginsburg, Gennadi"]
[Result "1-0"]
[WhiteElo "2422"]
[BlackElo "2442"]
[PlyCount "81"]
[EventDate "2018.??.??"]
[EventType "team-tourn"]

1. d4 Nf6 2. c4 g6 3. g3 Bg7 4. Bg2 O-O 5. Nc3 d6 6. Nf3 Nc6 7. O-O Bf5 8. d5
Na5 9. Nd2 c6 10. b4 Nxd5 11. cxd5 Bxc3 12. e4 Bxa1 13. exf5 cxd5 14. bxa5 e6
15. Nb3 Bg7 16. fxe6 fxe6 17. Nd4 Bxd4 18. Qxd4 Qxa5 19. Bb2 e5 20. Qxd5+ Qxd5
21. Bxd5+ Kg7 22. f4 Kh6 23. Bc1 exf4 24. Rxf4 Rxf4 25. Bxf4+ g5 26. Be3 Re8
27. Bxa7 Re5 28. Bb3 Re2 29. h3 Kg6 30. Kf1 Rd2 31. Be3 Rb2 32. Bd4 Rd2 33. Bc3
Rh2 34. Bd5 Rxh3 35. Kg2 g4 36. Bxb7 Kf7 37. a4 Ke7 38. a5 Kd7 39. a6 Kc7 40.
Ba5+ Kb8 41. Bb6 1-0

[Event "BL 1718 SV Hofheim - SK Norderstedt"]
[Site "?"]
[Date "2018.02.24"]
[Round "9.4"]
[White "Perske, Thore"]
[Black "Krause, Benedict"]
[Result "1/2-1/2"]
[WhiteElo "2451"]
[BlackElo "2455"]
[PlyCount "83"]
[EventDate "2018.??.??"]
[EventType "team-tourn"]

1. e4 c5 2. Nf3 e6 3. d4 cxd4 4. Nxd4 Nc6 5. Nc3 Qc7 6. Be3 a6 7. Be2 b5 8.
Nxc6 dxc6 9. O-O Nf6 10. f4 Bb7 11. e5 Nd5 12. Nxd5 cxd5 13. Bd4 Bc5 14. c3 O-O
15. Rc1 Rac8 16. b4 Bxd4+ 17. cxd4 Qxc1 18. Qxc1 Rxc1 19. Rxc1 Rc8 20. Rc5 Rxc5
21. dxc5 g6 22. g4 h6 23. h4 Bc6 24. Kf2 Kg7 25. Ke3 Kg8 26. Kd4 Kg7 27. g5 h5
28. Bd1 Kf8 29. Bc2 Ke7 30. Bd3 Kd7 31. Bc2 Ke7 32. Bb3 Kd7 33. Ke3 Ke7 34. Bd1
Kd7 35. Kd2 Ke7 36. Kc3 Kd7 37. Be2 Ke7 38. a4 Kd7 39. axb5 axb5 40. Kd4 Ke7
41. Bd1 Kd7 42. Be2 1/2-1/2

[Event "BL 1718 SV Hofheim - SK Norderstedt"]
[Site "?"]
[Date "2018.02.24"]
[Round "9.5"]
[White "Parvanyan, Ashot"]
[Black "Lobzhanidze, Davit"]
[Result "1/2-1/2"]
[WhiteElo "2370"]
[BlackElo "2416"]
[PlyCount "48"]
[EventDate "2018.??.??"]
[EventType "team-tourn"]

1. Nf3 Nf6 2. c4 c6 3. g3 d5 4. Bg2 e6 5. b3 Be7 6. O-O O-O 7. Bb2 Nbd7 8. d4
b6 9. Nc3 Ba6 10. a4 dxc4 11. bxc4 Bxc4 12. Nd2 Ba6 13. Bxc6 Rc8 14. Bg2 Nb8
15. Nb5 Qd7 16. Qb3 Nc6 17. Nf3 Na5 18. Qd3 Nd5 19. Ne5 Qe8 20. Rfc1 Rxc1+ 21.
Rxc1 Nb4 22. Qd1 Bxb5 23. axb5 Qxb5 24. e4 Nbc6 1/2-1/2

[Event "BL 1718 SV Hofheim - SK Norderstedt"]
[Site "?"]
[Date "2018.02.24"]
[Round "9.6"]
[White "Gurevich, Vladimir"]
[Black "Powierski, Emil"]
[Result "1/2-1/2"]
[WhiteElo "2472"]
[BlackElo "2315"]
[PlyCount "67"]
[EventDate "2018.??.??"]
[EventType "team-tourn"]

1. e4 c5 2. Nf3 d6 3. d4 cxd4 4. Nxd4 Nf6 5. Nc3 a6 6. a4 Nc6 7. Bc4 e6 8. O-O
Be7 9. Be3 O-O 10. Qe2 Qc7 11. Kh1 Nxe4 12. Nxe4 d5 13. Bxd5 exd5 14. Nc3 Be6
15. Rad1 Bf6 16. Qd2 Rac8 17. f3 Rfe8 18. Qf2 Qa5 19. Nb3 Qb4 20. Bc5 Qc4 21.
Nd2 Qf4 22. g3 Qf5 23. Nb3 Qh5 24. Be3 d4 25. Nxd4 Bc4 26. Rfe1 Bxd4 27. Bxd4
Rxe1+ 28. Rxe1 Nxd4 29. Qxd4 Qxf3+ 30. Kg1 Be6 31. Qe4 Qf6 32. Qxb7 Qd4+ 33.
Kg2 Re8 34. Rd1 1/2-1/2